00994cam a22002774a 4500090000600000001000900006005001700015008004100032010001500073020002800088035002300116040003000139042000800169050002200177082002300199100002400222245005000246260004800296300003400344504005100378650001500429856009100444942001200535999001700547952015200564 c01413806420061228100905.0051011s2006 flua b 001 0 eng  a2005054946 a0849334209 (alk. paper) a(OCoLC)ocm62090899 aDLCcDLCdYDXdBAKERdDLC apcc00aTA355b.B635 200600a620.11248222bBOT1 aBottega, William J.10aEngineering Vibrations /cWilliam J. Bottega. aBoca Raton :bCRC/Taylor & Francis,cc2006. axix, 726 p. :bill. ;c25 cm. aIncludes bibliographical references and index. 0aVibration.423Publisher descriptionuhttp://www.loc.gov/catdir/enhancements/fy0648/2005054945-d.html 2ddccBB c10460d10460 00102ddc40708AlahramaMAINbMAINc1STd2009-01-27epurchaseg535.40h06455l1m2o620.11248 BOTp000014328r2025-07-15 00:00:00s2010-10-14yBB